| 000 -CABECERA |
| campo de control de longitud fija |
00750nam a2200337Ia 4500 |
| 001 - NÚMERO DE CONTROL |
| campo de control |
2253 |
| 008 - DATOS DE LONGITUD FIJA--INFORMACIÓN GENERAL |
| campo de control de longitud fija |
191123s9999 xx 000 0 und d |
| 041 ## - CÓDIGO DE LENGUA |
| Código de lengua del texto/banda sonora o título independiente |
fre |
| 044 ## - CÓDIGO DEL PAÍS DE LA ENTIDAD EDITORA/PRODUCTORA |
| Código MARC del país |
cl |
| 100 ## - ENTRADA PRINCIPAL--NOMBRE DE PERSONA |
| Nombre de persona |
Read, Herbert |
| 245 #0 - MENCIÓN DE TÍTULO |
| Título |
Hans Richter. |
| 260 ## - PUBLICACIÓN, DISTRIBUCIÓN, ETC. |
| Lugar de publicación, distribución, etc. |
Neuchâtel : |
| Nombre del editor, distribuidor, etc. |
Griffon, |
| Fecha de publicación, distribución, etc. |
1965. |
| 300 ## - DESCRIPCIÓN FÍSICA |
| Extensión |
132 p. |
| 490 #0 - MENCIÓN DE SERIE |
| Mención de serie |
Arts plastiques du XXe. siècle |
| 504 ## - NOTA DE BIBLIOGRAFÍA, ETC. |
| Nota de bibliografía, etc. |
Bibliografía pp. 129 |
| 650 ## - PUNTO DE ACCESO ADICIONAL DE MATERIA--TÉRMINO DE MATERIA |
| Término de materia o nombre geográfico como elemento de entrada |
ALEMANIA |
| 650 ## - PUNTO DE ACCESO ADICIONAL DE MATERIA--TÉRMINO DE MATERIA |
| Término de materia o nombre geográfico como elemento de entrada |
BIOGRAFIAS |
| 650 ## - PUNTO DE ACCESO ADICIONAL DE MATERIA--TÉRMINO DE MATERIA |
| Término de materia o nombre geográfico como elemento de entrada |
DIBUJOS |
| 650 ## - PUNTO DE ACCESO ADICIONAL DE MATERIA--TÉRMINO DE MATERIA |
| Término de materia o nombre geográfico como elemento de entrada |
MOSAICOS |
| 650 ## - PUNTO DE ACCESO ADICIONAL DE MATERIA--TÉRMINO DE MATERIA |
| Término de materia o nombre geográfico como elemento de entrada |
PINTURAS |
| 650 ## - PUNTO DE ACCESO ADICIONAL DE MATERIA--TÉRMINO DE MATERIA |
| Término de materia o nombre geográfico como elemento de entrada |
RICHTER, HANS |
| 700 ## - PUNTO DE ACCESO ADICIONAL--NOMBRE DE PERSONA |
| Nombre de persona |
Richter, Hans, |
| 902 ## - ELEMENTOS DE DATOS B LOCAL, LDB (RLIN) |
| a |
M |
| 903 ## - ELEMENTOS DE DATOS C LOCAL, LDC (RLIN) |
| a |
m |
| 904 ## - ELEMENTOS DE DATOS D LOCAL, LDD (RLIN) |
| a |
m |
| 907 ## - ELEMENTOS DE DATOS G LOCAL, LDG (RLIN) |
| a |
Impreso |
| 911 ## - EQUIVALENCIA O REFERENCIA-CRUZADA-NOMBRE DE CONFERENCIA O REUNIÓN/CONGRESO [LOCAL, CANADÁ] |
| Nombre de congreso/reunión o jurisdicción como elemento de entrada |
láminas color y b/n; 30 cm |
| 912 ## - |
| -- |
1965 |
| 942 ## - ELEMENTOS DE PUNTO DE ACCESO ADICIONAL (KOHA) |
| Tipo de ítem Koha |
Libro |